| 000 | 00315nam a2200109Ia 4500 | ||
|---|---|---|---|
| 008 | 210430s9999 xx 000 0 und d | ||
| 082 | _a956.70442 A2861G | ||
| 100 |
_aHazrat Mirza Tahir Ahmad _954640 |
||
| 245 | 4 |
_aThe Gulf Crisis & The New World Order _cHazrat Mirza Tahir Ahmad |
|
| 300 | _a396 | ||
| 942 |
_cBK _2ddc |
||
| 999 |
_c565278 _d565278 |
||